| 000 | 00000nam##2200000za#4500 |
| 001 | 9.572938 |
| 003 | CaOODSP |
| 005 | 20210624183448 |
| 007 | cr ||||||||||| |
| 008 | 150406|2002||||xxc|||||o f|0| 0 eng|d |
| 040 | |aCaOODSP|beng |
| 043 | |an-cn--- |
| 086 | 1 |aH13-6/2002-6E-PDF |
| 110 | 1 |aCanada. |bHealth Canada. |
| 245 | 10|aRural health/telehealth / |h[electronic resource]|c[by] Raymond W. Pong. |
| 246 | 1 |iAt head of title : |aThe Health Transition Fund |
| 260 | |aOttawa - Ontario : |bHealth Canada |cc2002. |
| 300 | |a42p.|breferences |
| 490 | 1 |aSynthesis series |
| 500 | |a"Sharing the learning, The Health Transition Fund"--p.1 of 42. The catalogue number (H13-6/2002-6) and ISBN (0-662-66309-8) for the bilingual print edition have been incorrectly copied in this electronic publication. |
| 590 | |a12-08-Supp|b2012-03-16 |
| 690 | 07|aHealth care|2gcpds |
| 690 | 07|aRural environment|2gcpds |
| 690 | 07|aTelehealth|2gcpds |
| 720 | 1 |aPong, Raymond W. |
| 775 | 08|tLa santé rurale et télésanté / |w(CaOODSP)9.603183 |
| 776 | 0#|tRural health/telehealth / |w(CaOODSP)9.536372 |
| 776 | 0#|tLa santé rurale et télésanté / |w(CaOODSP)9.536373 |
| 830 | #0|aSynthesis series.|w(CaOODSP)9.506811 |
| 856 | 40|ahttp://publications.gc.ca|qPDF|s494 KB|uhttps://publications.gc.ca/collections/Collection/H13-6-2002-6E.pdf |